Duálna funkcia účtovníctva - porovnanie nástrojov a metodických postupov spracovania ekonomických informácií bakalárska práca

Guardado en:
Detalles Bibliográficos
Autor principal: Gajarská, Natália
Autor Corporativo: Fakulta hospodárskej informatiky EU. Katedra účtovníctva a audítorstva
Otros Autores: Antalová, Renáta
Formato: Libro
Lenguaje:eslovaco
Publicado: Bratislava 2018
Etiquetas: Agregar Etiqueta
Sin Etiquetas, Sea el primero en etiquetar este registro!

MARC

LEADER 00000nbm a2200000 4500
001 0245413
005 20181106082808.4
041 0 |a slo 
044 |a SK 
245 1 0 |a Duálna funkcia účtovníctva - porovnanie nástrojov a metodických postupov spracovania ekonomických informácií  |b bakalárska práca  |c Natália Gajarská ; školiteľ: Renáta Antalová 
264 1 |a Bratislava  |c 2018 
300 |a 38 s. 
100 1 |a Gajarská, Natália 
700 1 |a Antalová, Renáta 
710 2 |a Fakulta hospodárskej informatiky EU. Katedra účtovníctva a audítorstva